Imagen personal Cm̤o mejorarla, sostenerla o revertirla /

Bibliographic Details
Main Author: Jijena Sǹchez, Rosario
Format: eBook
Language:Spanish
Published: Bogot:̀ Ediciones de la U, 2012
Subjects:
Online Access:Acceso restringido

MARC

LEADER 00000nam a22000007a 4500
005 2021051407347.0
007 cr|||| ||||
008 210514s2012 co |||||s|||| 00||0 spa d
020 |a 978-958-762-073-3 
035 |a 33374 
040 |a vLex 
090 |c 11667  |d 11667 
100 1 |a Jijena Sǹchez, Rosario 
245 1 0 |a Imagen personal  |h [Recurso electrn̤ico] :  |b Cm̤o mejorarla, sostenerla o revertirla /  |c Rosario Jijena Sǹchez 
256 |a Servicio en ln̕ea 
260 |a Bogot:̀  |b Ediciones de la U,  |c 2012 
300 |a 1 recurso electrn̤ico 
500 |a Comenc ̌a escribir este libro por dos razones, la primera porque s ̌que no hay prc̀ticamente bibliografa̕ sobre este tema y, lo poco que hay, es muy especf̕ico o por el contrario no es abarcativo; y la segunda, la que ms̀ me lanz ̤al desafo̕, es que teniendo ya cuatro libros escritos sobre organizacin̤ de eventos, me senta̕ en deuda con los alumnos de la carrera y de los cursos de Asesoramiento en Imagen que he creado hace varios aǫs y que dictamos en forma presencial o a distancia. Lo mismo me sucedi ̤con las personas que se acercan a mi consultora y me solicitan bibliografa̕ y me piden ?Rosario, cuando vas a escribir para nosotros?, as ̕encar ̌esta tarea sabiendo que es un tema que me apasiona, muy amplio y que debo tratar a fondo, por lo que ya he guardado material para un segundo libro que complementar ̀y ampliar ̀los conceptos ac ̀vertidos. 
506 1 |a Disponible solo en los productos indicados  |d vLex Global  |d vLex Global (Academic Edition, excluding Law Schools)  |d vLex Global (U.S. Academic Edition, Law Schools)  |d vLex Global (U.S. Academic Edition, excluding Law Schools)  |d vLex Global (Academic Edition, Law Schools) 
650 0 4 |a Sociologa̕  |z Colombia 
740 0 |a vLex Libros (Servicio en ln̕ea) 
856 4 0 |u https://vlex.com/source/imagen-personal-como-mejorarla-sostenerla-o-revertirla-33374  |z Acceso restringido 
942 |c BOOK 
999 0 |a Sociology